¡Lenguateres! o (Dios nos libre d'un levantu) (Record no. 113426)

MARC details
000 -LEADER
campo de control de longitud fija 00766nam a2200193 4500
001 - NÚMERO DE CONTROL
campo de control 113426
003 - IDENTIFICADOR DE NÚMERO DE CONTROL
campo de control ES-MaACL
007 - CAMPO FIJO DE DESCRIPCIÓN FÍSICA--INFORMACIÓN GENERAL
campo de control de longitud fija t|
008 - DATOS DE LONGITUD FIJA--INFORMACIÓN GENERAL
campo de control de longitud fija 061121q1962 sp r ||||1| spa d
100 1# - ENTRADA PRINCIPAL--NOMBRE DE PERSONA
Nombre de persona Palacios, Emilio.
9 (RLIN) 88393
245 11 - MENCIÓN DEL TÍTULO
Título ¡Lenguateres! o (Dios nos libre d'un levantu)
Resto del título : sainete de ambiente gijonés, 4ª edición ; y Bartuelu va pa l'Habana, 18ª edición /
Mención de responsabilidad, etc. Emilio Palacios; prólogo de Celso Amieva ; dibujo de la portada original de German Horacio.
260 ## - PUBLICACIÓN, DISTRIBUCIÓN, ETC.
Lugar de publicación, distribución, etc. [S. l.] :
Nombre del editor, distribuidor, etc. [s. n.],
Fecha de publicación, distribución, etc. 1962? (
Fabricante La Versal)
300 ## - DESCRIPCIÓN FÍSICA
Extensión 110 p., 1 lám. :
Otras características físicas 17 cm.
700 1# - ENTRADA AGREGADA--NOMBRE PERSONAL
Nombre de persona Amieva, Celso.
9 (RLIN) 21234
700 1# - ENTRADA AGREGADA--NOMBRE PERSONAL
Nombre de persona Horacio, Germán.
9 (RLIN) 64181
740 0# - ENTRADA AGREGADA--TÍTULO RELACIONADO/ANALÍTICO NO CONTROLADO
Título relacionado o analítico no controlado Dios nos libre d'un levantu.
740 0# - ENTRADA AGREGADA--TÍTULO RELACIONADO/ANALÍTICO NO CONTROLADO
Título relacionado o analítico no controlado Bartuelu va pa l'habana.
852 ## - LOCALIZACIÓN
Ubicación ES-MaACL
Número de control de estantería E-5051
Sublocalización o colección R.79002
Holdings
Estatus retirado Estado de pérdida Estado de daño No para préstamo Biblioteca de origen Biblioteca actual Ubicación en estantería Fecha de adquisición Fuente de adquisición Total de préstamos Signatura topográfica completa Código de barras Visto por última vez Precio de reemplazo Tipo de ítem Koha
        Biblioteca del Ateneo de Madrid Biblioteca del Ateneo de Madrid Depósito 2 17/01/2008     E-5051 1118301 23/02/2023 23/02/2023 Libro impreso